000 00906nam a2200253Ia 4500
003 OSt
005 20220923221856.0
006 a|||||r|||| 00| 0
007 ta
008 220922b |||||||| |||| 00| 0 snd d
024 _a200,732
037 _cTextual
040 _aARTS
_cARTS
_bsnd
041 _2snd
_asnd
082 _aO1593vN7, 152L0;L8
100 _aजैतली, मुरलीधर कृष्णचन्द्र
_9165702
245 0 _aसिंधी साहित्य का इतिहास
246 _aSiandhī sāhitya kā itihāsa
260 _aदिल्ली
_b सिंधु समाज
_c1970
300 _a262पृ0
_ccm.
650 _aसिन्धी साहित्य
_9156264
942 _hO1593vN7, 152L0;L8
_cTEXL
_2CC
999 _c352404
_d352404